Sports Quiz

Random Sports or Football Quiz

NFL 16+ Sack Seasons Quiz Stats

 Plays Quiz not verified by Sporcle

Support Sporcle.
Go Orange.
Score 0/67 Timer 09:00
0 Plays Today
Season Player % Correct
2012J.J. Watt
85.6%
2014J.J. Watt
85.6%
2015J.J. Watt
85.6%
2018J.J. Watt
85.6%
2001Michael Strahan
81.2%
2003Michael Strahan
81.2%
1986Lawrence Taylor
78.2%
2002Jason Taylor
77.6%
1990Bruce Smith
76.5%
2012Aldon Smith
76.1%
1987Reggie White
74.2%
1988Reggie White
74.2%
1986Reggie White
74.2%
1998Reggie White
74.2%
2019Chandler Jones
69.4%
2017Chandler Jones
69.4%
2018Aaron Donald
67.9%
2012Von Miller
66.2%
2011Jared Allen
53.7%
1983Jacob Green
51.5%
1990Derrick Thomas
48%
2008DeMarcus Ware
46.3%
2011DeMarcus Ware
46.3%
1988Kevin Greene
40.8%
1989Kevin Greene
40.8%
2014Justin Houston
39.5%
2004Dwight Freeney
38.9%
2000Warren Sapp
37.9%
1984Mark Gastineau
37%
1983Mark Gastineau
37%
1989Tim Harris
35.9%
1992Tim Harris
35.9%
2019Shaquil Barrett
34.9%
2013Robert Mathis
32.7%
Season Player % Correct
2008James Harrison
31.8%
1984Greg Brown
29.7%
1984Richard Dent
29.2%
1985Richard Dent
29.2%
2011Jason Pierre-Paul
25.4%
1990Charles Haley
24.6%
1999Simeon Rice
24.3%
1989Chris Doleman
23.2%
2008John Abraham
23.1%
2013Robert Quinn
19.1%
2006Shawne Merriman
18.8%
2009Elvis Dumervil
17.9%
2014Elvis Dumervil
17.9%
2008Joey Porter
16.4%
1999Kevin Carter
15.2%
1992Clyde Simmons
13.4%
1995Bryce Paup
12%
1991Pat Swilling
11.4%
1989Pat Swilling
11.4%
1986Dexter Manley
10.7%
2011Jason Babin
10.7%
2000La'Roi Glover
10.3%
1992Leslie O'Neal
9.8%
1984Andre Tippett
9%
1985Andre Tippett
9%
2005Derrick Burgess
8.5%
2000Trace Armstrong
8.2%
1983Fred Dean
8.1%
1989Keith Millard
7%
1992Simon Fletcher
6.3%
1998Michael Sinclair
5.1%
1983Doug Betters
3%
1983Curtis Greer
2.4%

You're not logged in!

Compare scores with friends on all Sporcle quizzes.
OR
Log In

From the Vault

8 Seasons or More (TV)

by THEJMAN

It's rare for a series to last eight seasons. It's even more rare for them to all be good.
Remove Ads.
Support Sporcle.
Get the best of Sporcle when you Go Orange. This ad-free experience offers more features, more stats, and more fun while also helping to support Sporcle. Thank you for becoming a member.

Show Comments

Extras

Top Quizzes Today


Score Distribution

Your Account Isn't Verified!

In order to create a playlist on Sporcle, you need to verify the email address you used during registration. Go to your Sporcle Settings to finish the process.

Report this User

Report this user for behavior that violates our Community Guidelines.

Details: